000 00944nam a22001937a 4500
003 OSt
005 20260414074920.0
008 260414b |||||||| |||| 00| 0 eng d
040 _aDWCL GS lib
_cOC
082 _aFic. w672c 1960
100 _aSelden, George
245 _ayerling newbery:
_bthe cricket in times square
_cGeorge Selden
260 _aNew York
_bBantam Doubleday Dell Books
_cc1960
300 _a148
_billustrations
_c19cm
520 _aThe Cricket in Times Square by George Selden is a 1961 Newbery Honor book about Chester, a Connecticut cricket accidentally transported to a New York City subway station. He befriends a boy named Mario, along with Tucker Mouse and Harry Cat, using his musical talent to save the Bellini family’s struggling newsstand before eventually returning home.
546 _aEnglish
700 _aGeorge Selden
942 _2ddc
_cTEST
_hFic. w672c 1960
_n0
999 _c9407
_d9407